Welcome to WEB OPAC of MRSPTU Central Library

Fruit and Vegetable Preservation : Principles and Practices (Record no. 7360)

MARC details
000 -LEADER
fixed length control field 00505nam a2200181Ia 4500
008 - FIXED-LENGTH DATA ELEMENTS--GENERAL INFORMATION
fixed length control field 230711s9999||||xx |||||||||||||| ||und||
020 ## - INTERNATIONAL STANDARD BOOK NUMBER
International Standard Book Number 978-81-239-2437-3
041 ## - LANGUAGE CODE
Language code of text/sound track or separate title ENG
082 ## - DEWEY DECIMAL CLASSIFICATION NUMBER
Classification number 664.8
Item number SR-F
100 ## - MAIN ENTRY--PERSONAL NAME
Personal name Srivastava,R.P
245 #0 - TITLE STATEMENT
Title Fruit and Vegetable Preservation : Principles and Practices
250 ## - EDITION STATEMENT
Edition statement 3rd Ed.
260 ## - PUBLICATION, DISTRIBUTION, ETC.
Date of publication, distribution, etc. 2002
Place of publication, distribution, etc. New Delhi
Name of publisher, distributor, etc. CBS Publishers & Distributors Pvt.Ltd
300 ## - PHYSICAL DESCRIPTION
Extent 474p.
650 ## - SUBJECT ADDED ENTRY--TOPICAL TERM
Topical term or geographic name entry element Food Science and Technology
700 ## - ADDED ENTRY--PERSONAL NAME
Personal name Sanjeev Kumar
942 ## - ADDED ENTRY ELEMENTS (KOHA)
Koha item type Book
Holdings
Withdrawn status Lost status Damaged status Not for loan Collection Home library Current library Date acquired Source of acquisition Cost, normal purchase price Inventory number Total checkouts Full call number Barcode Date last seen Date last checked out Price effective from Koha item type
          MRSPTU Central Library MRSPTU Central Library   INDICA PUBLISHERS & DISTRIBUTORS PVT.LTD 395.00 1788/2017/201843171 8 664.8 SR-F P1291 01/08/2026 12/23/2025 08/17/2023 Book
          MRSPTU Central Library MRSPTU Central Library   INDICA PUBLISHERS & DISTRIBUTORS PVT.LTD 395.00 1788/2017/201843171 2 664.8 SR-F P1292 01/01/2026 11/21/2025 08/17/2023 Book
          MRSPTU Central Library MRSPTU Central Library   INDICA PUBLISHERS & DISTRIBUTORS PVT.LTD 395.00 1788/2017/201843171 4 664.8 SR-F P1293 01/06/2026 12/29/2025 08/17/2023 Book
          MRSPTU Central Library MRSPTU Central Library   INDICA PUBLISHERS & DISTRIBUTORS PVT.LTD 395.00 1788/2017/201843171   664.8 SR-F P1294 08/17/2023   08/17/2023 Book

Website Designed and Developed by MRSPTU Central Library Team

E-mail Id: librarian@mrsptu.ac.in